| 000 | 01428cam a2200337 i 4500 | ||
|---|---|---|---|
| 003 | SA-RiAUC | ||
| 005 | 20251203132440.0 | ||
| 008 | 251128s1968 su f l f000r0 ara c | ||
| 020 | _a4158111 | ||
| 040 |
_aSA-JeALM _bara _cSA-RiAUC _dKSU _erda |
||
| 043 | _aa-su--- | ||
| 082 | 0 | 4 |
_a378.101209531 _qSA-RiAUC |
| 090 |
_a378.101209531 _bس ع و |
||
| 110 | 1 |
_aالسعودية _eمؤلف. |
|
| 240 | 1 | 0 | _aنظام جامعة الرياض (1387 هـ.) |
| 245 | 1 | 0 |
_aنظام جامعة الرياض / _c مجلس الوزراء |
| 264 | 1 |
_aمكة المكرمة : _bمطبعة الحكومة، _c1973 |
|
| 300 |
_a15 صفحة ؛ _c24 × 14 سم |
||
| 336 |
_aنص _btxt _2rdacontent _3كتاب |
||
| 337 |
_aبدون وسيط _bn _2rdamedia |
||
| 338 |
_aمجلد _bnc _2rdacarrier |
||
| 610 | 2 | 7 |
_aجامعة الرياض _vقوانين داخلية _2aucnm |
| 610 | 2 | 7 |
_aجامعة الرياض _xمطبوعات حكومية _2aucnm |
| 650 | 7 |
_aالجامعات والكليات _zالسعودية _zالرياض _vلوائح _2aucsh |
|
| 650 | 7 |
_aالجامعات والكليات _zالسعودية _zالرياض _xمطبوعات حكومية _2aucsh |
|
| 650 | 7 |
_aالمطبوعات الحكومية _2aucsh |
|
| 651 | 7 |
_aالسعودية _xمطبوعات حكومية _2aucsh |
|
| 710 | 1 |
_aالسعودية. _bمجلس الوزراء _eمؤلف. |
|
| 942 |
_2ddc _cBOOK _n0 |
||
| 949 |
_aSA-JeALM _d251128 _umohamedma123 _n1 |
||
| 999 |
_c13456 _d13456 |
||